Statistiques concernant Petit Bac #42 - Communes d'Aquitaine

Cliquez ici pour prendre le quiz!

Statistiques générales

  • Ce quiz a été pris 70 fois
  • Le résultat moyen est 7 sur 14

Statistiques - réponses

1ère Lettre Commune (15000+ hab.) % Correct
BBordeaux / Bayonne / Bergerac / Bègles / Biarritz / Bruges / Blanquefort
100%
PPau / Pessac / Périgueux
89%
MMérignac / Mont-de-Marsan / Marmande
86%
AAnglet / Agen / Ambarès-et-Lagrave
80%
DDax
64%
LLa Teste-de-Buch / Libourne / Le Bouscat / Lormont
64%
TTalence
46%
HHendaye
43%
VVillenave-d'Ornon / Villeneuve-sur-Lot
41%
GGradignan / Gujan-Mestras
36%
CCenon / Cestas
30%
FFloirac
27%
SSaint-Médard-en-Jalles
14%
EEysines
9%

Distribution des résultats

Percentile by Number Answered

% des personnes avec chaque résultat

Votre développement - résultats

Vous n’avez pas pris ce quiz